| Tag |
First Indicator |
Second Indicator |
Subfields |
| LEADER |
00000cam a2200000 4500 |
| 001 |
in00000039880 |
| 005 |
20151007064618.0 |
| 008 |
741115s1944 nyu b 00000 eng u |
| 010 |
|
|
|a 44003538
|
| 035 |
|
|
|a (OCoLC)01076983
|
| 035 |
|
|
|9 AAE0224AM
|
| 040 |
|
|
|c ZGM
|d TXA
|d UtOrBLW
|
| 041 |
1 |
|
|a eng
|a ger
|
| 049 |
|
|
|a TXAM
|c [131217]
|
| 050 |
0 |
0 |
|a CB151
|b .J34
|
| 082 |
0 |
|
|a 338 .18901
|
| 092 |
|
|
|a 338.18901
|b J15s
|
| 100 |
1 |
|
|a Jacob, Heinrich Eduard,
|d 1889-1967.
|
| 245 |
1 |
0 |
|a Six thousand years of bread :
|b its holy and unholy history /
|c by H. E. Jacob.
|
| 264 |
|
1 |
|a Garden City, N. Y. :
|b Doubleday, Doran,
|c 1944.
|
| 300 |
|
|
|a xiv, 399 pages :
|b illustrations, frontispiece, maps, plates, portraits ;
|c 24 cm.
|
| 336 |
|
|
|a text
|b txt
|2 rdacontent
|
| 337 |
|
|
|a unmediated
|b n
|2 rdamedia
|
| 338 |
|
|
|a volume
|b nc
|2 rdacarrier
|
| 500 |
|
|
|a [1st edition].
|
| 500 |
|
|
|a Translation of Sechstausend Jahre Brot.
|
| 504 |
|
|
|a "Postscript and bibliography": pages 381-389.
|
| 650 |
|
0 |
|a Bread
|x History.
|
| 650 |
|
0 |
|a Civilization
|x History.
|
| 700 |
1 |
|
|a Winston, Richard.
|
| 700 |
1 |
|
|a Winston, Clara.
|
| 999 |
|
|
|a MARS
|
| 999 |
f |
f |
|s f57978b5-91c9-3b66-a58b-8a32188fe2e0
|i e1811441-fe90-3721-91ca-23d7d7cc8d82
|t 0
|
| 952 |
f |
f |
|p normal
|a Texas A&M University
|b College Station
|c Sterling C. Evans Library
|s Evans stk
|d Evans: Library Stacks
|t 0
|e CB151 .J34
|h Library of Congress classification
|i unmediated -- volume
|m A14800761661
|
| 998 |
f |
f |
|a CB151 .J34
|t 0
|l Evans: Library Stacks
|